| 000 | 00942cam a22003014a 4500 | ||
|---|---|---|---|
| 001 | 4048889 | ||
| 003 | OSt | ||
| 005 | 20170425212541.0 | ||
| 008 | 990621s2000 paua bf 001 0 eng c | ||
| 010 | _a 99027740 | ||
| 020 | _a0770621908 | ||
| 040 |
_aDNLM/DLC _cDLC _dDLC |
||
| 042 | _apcc | ||
| 050 | 0 | 0 |
_aRB38.2 _b.F57 2000 |
| 060 | 1 | 0 |
_aQY 25 _bF528m 1999 |
| 082 | 0 | 0 |
_aQY 25 B171f 2000 _221 |
| 100 | 1 |
_aFischbach, Frances _9900 |
|
| 245 | 1 | 2 | _aBaker and Silverton's introduction manual of Medical Laboratory & Diagnostic technology |
| 250 | _a6th ed. | ||
| 260 |
_aPhiladelphia; _bLippincott Williams and Wilkins, _cc2000. |
||
| 300 |
_axvi, 1295 p. : _bill. ; _c22 cm. |
||
| 504 | _aIncludes bibliographical references and index. | ||
| 650 | 0 |
_aDiagnosis in Laboratory _9886 |
|
| 650 | 1 | 2 |
_aLaboratory Techniques and Procedures. _9901 |
| 906 |
_a7 _bcbc _cpccadap _d1 _eocip _f19 _gy-gencatlg |
||
| 942 |
_2z _cB_BANK |
||
| 999 |
_c347 _d347 |
||